000 00366 a2200157 4500
001 72811
020 _a8576351196
040 _cAnchieta - Colégio São Paulo
100 _aSavaget, Luciana
240 1 0 _aMão quente coração frio
_lpor
245 1 0 _aMão quente coração frio
300 _a23
362 0 _a2006
650 4 _aLiteratura infantil
942 _cBK
999 _c72811
_d72811